IREARS 2006 Technical Visit : Petronas Twin Tower [

Bibliographic Details
Corporate Author: Institut Penilaian Negara
Format: Book
Published: Bangi : INSPEN , 2006

MARC

LEADER 00000cam a2200000 7i4500
001 0000020087
005 20070906.0
040 |a INS 
090 0 0 |a VCD0935 
245 0 0 |a IREARS 2006 Technical Visit :   |b Petronas Twin Tower [  |h cakera video] 
260 |a Bangi :   |b INSPEN ,   |c 2006 
300 |a 1 video disc ( 13min.) :   |b sd. col. ;   |c 4 3/4 in. 
500 |a Visit to Kuala Lumpur Convention Center dan Petronas Twin Tower 
710 1 |a Institut Penilaian Negara 
999 |a VCD0000935   |b VIDEO CD   |c Media Collection   |e Default branch